| 000 | 00381nam a22001577a 4500 | ||
|---|---|---|---|
| 003 | OSt | ||
| 005 | 20211007164739.0 | ||
| 008 | 211007b |||||||| |||| 00| 0 eng d | ||
| 020 | _a0-387-30068-6 | ||
| 040 | _cHawassa Universwity | ||
| 050 | _a615.9529/FOO | ||
| 082 | _a615.9529/FOO | ||
| 245 | _aFood Borne Parasites | ||
| 260 |
_aUSA _bSpringer _c2006 |
||
| 942 |
_2ddc _cBOOKS _n0 |
||
| 999 |
_c10578 _d10578 |
||